Obzor socializmu

Bibliographic Details
Other Authors: Krno, Emil (Publishing director)
Format: Journal
Language:Slovak
PhysicalDescription:2 zv. fotogr. 28 cm
Published: Bratislava Journal 1969
Bratislava Obzor
Subjects:

MARC

LEADER 00000cas a2200000 a 4500
001 vtls008883270
003 SK-MaSNL
005 20260228162129.0
008 150701d19691970xo su p 0 0 b0slo
035 |a (SVKBB03)vtls000128825 
040 |a SVKBB  |b slo  |c SVKBB  |d SNK  |e AACR2 
041 0 |a slo 
044 |a xo  |c SK 
072 7 |a 316.3  |x Globálne spoločnosti. Sociálna štruktúra. Sociálne skupiny  |2 konspekt 
072 7 |a 321  |x Politológia  |2 konspekt 
072 7 |a 33  |x Ekonómia  |2 konspekt 
080 |a 369.5  |2 22001 
080 |a 050  |2 2001 
080 |a 321.74  |2 2001 
080 |a 316.323.7  |2 2001 
080 |a 329(051)  |2 2011 
245 0 0 |a Obzor socializmu 
260 |a Bratislava  |b Journal  |c 1969 
260 3 |3 1970  |a Bratislava  |b Obzor 
300 |a 2 zv.  |b fotogr.  |c 28 cm 
310 |a 2x mesačne 
362 0 |a Roč. I, č. 0 (1969)-roč. 2, č. 24 (15.12.1970) 
500 |a Podnázov v tiráži: magazín SÚV ZČSSP 
500 |a Šéfred.: Emil Krno 
650 0 7 |a socializmus  |2 SNKPH  |9 2151 
655 7 |a časopisy politických strán a hnutí  |2 SNKPH  |9 237919 
700 1 |a Krno, Emil  |4 pbd  |9 270431 
910 |a snk 
916 |a 1969-1970 
999 |c 6896  |d 8826 
952 |0 0  |1 0  |4 0  |7 0  |a SNK  |b SNK  |d 2015-04-29  |f 1  |i snkČSP 65/70  |l 0  |o snkČSB 1848/1/1969  |p 17A0784873  |r 2026-02-21 21:26:13  |t č. 0-10  |w 2026-02-21  |y PREZ 
952 |0 0  |1 0  |4 0  |7 0  |a SNK  |b SNK  |d 2015-04-29  |f 1  |i snkČSP 126/71  |l 0  |o snkČSB 1848/2/1970  |p 17A0775498  |r 2026-02-21 21:26:23  |t č. 1-24  |w 2026-02-21  |y PREZ